Statistiques concernant Paroles - Longtemps - Amir

Cliquez ici pour prendre le quiz!

Statistiques générales

  • Ce quiz a été pris 658 fois
  • Le résultat moyen est 241 sur 309

Statistiques - réponses

Réponse% Correct
longtemps
95%
que
95%
de
94%
je
94%
la
94%
94%
Et
93%
et
93%
le
93%
ma
93%
tes
92%
t'es
92%
ça
91%
dure
90%
sur
90%
ce
89%
les
89%
me
89%
mienne
88%
peau
88%
Mon
87%
mon
87%
tienne
86%
des
85%
un
84%
belle
83%
tout
83%
j'voudrais
82%
J'voudrais
82%
si
82%
jour
80%
pour
80%
raison
80%
dans
79%
ans
78%
cent
78%
jusqu'à
77%
J'veux
77%
j'veux
77%
moi
77%
c'est
76%
jamais
76%
miennes
75%
nu
75%
deux
74%
qu'on
74%
toi
74%
user
74%
deviennent
73%
monde
73%
nous
73%
problèmes
73%
ton
73%
yeux
73%
galères
72%
même
71%
nos
71%
tous
71%
avec
70%
cet
70%
fous
70%
ne
70%
simplement
70%
nom
69%
quand
69%
au
68%
j'oublierai
68%
68%
bras
67%
envie
67%
mains
67%
peines
67%
cette
66%
nuits
66%
saurai
66%
s'éteignent
66%
visage
66%
migraines
65%
notre
65%
orages,
65%
peu
65%
qu'un
65%
beaux
64%
draps
64%
histoire
64%
joies
64%
l'sais
64%
partager
64%
rien
64%
carte
63%
chance
63%
diluviennes
63%
j'pourrais
63%
J'pourrais
63%
n'atteigne
63%
s'apprenne
63%
mettre
62%
sourire
62%
corps
61%
évidence
61%
gêne
61%
froid
60%
qu'tu
60%
aveu
59%
donne
59%
moins
59%
rêver
58%
m'tatouer
57%
vertige
57%
vivre
56%
danse
55%
m'balances
55%
dernier
54%
silence
54%
besoin
52%
délire
52%
mènent
52%
rue
52%
toit
52%
jusqu'au
51%
t'as
51%
d'un
50%
décolle
45%
déconne,
45%
j'irai
44%
t'aies
43%

Distribution des résultats

Percentile par nombre de réponses

% des personnes avec chaque résultat

Votre développement - résultats

Vous n’avez pas pris ce quiz